EVIDENCE -BASED ORTHOPEDICS (Record no. 800034)

MARC details
000 -LEADER
fixed length control field 00346pam a2200157 a 4500
020 ## - INTERNATIONAL STANDARD BOOK NUMBER
International Standard Book Number 9781405184762
Terms of availability
041 ## - LANGUAGE CODE
Language code of original
082 ## - DEWEY DECIMAL CLASSIFICATION NUMBER
Classification number 617.3
Item number BHA
100 ## - MAIN ENTRY--PERSONAL NAME
Personal name BHANDARI M.
245 ## - TITLE STATEMENT
Title EVIDENCE -BASED ORTHOPEDICS
Medium Textual Documents
250 ## - EDITION STATEMENT
Edition statement 1.
260 ## - PUBLICATION, DISTRIBUTION, ETC.
Name of publisher, distributor, etc. BMJ
Date of publication, distribution, etc. 2012
300 ## - PHYSICAL DESCRIPTION
Extent 1152:
Other physical details XXVI;
Dimensions HB.
650 ## - SUBJECT ADDED ENTRY--TOPICAL TERM
Topical term or geographic name entry element ORTHO
930 ## - EQUIVALENCE OR CROSS-REFERENCE-UNIFORM TITLE HEADING [LOCAL, CANADA]
Uniform title 5507
Holdings
Withdrawn status Lost status Damaged status Not for loan Collection Home library Current library Date acquired Source of acquisition Cost, normal purchase price Total Checkouts Full call number Barcode Date due Date last seen Date last checked out Copy number Price effective from Koha item type
          Medical College & Hospital, Sangli Medical College & Hospital, Sangli 01/10/2012 B.M.S.G.B.PUNE 17547.08 1 617.3 BHA MCS-10565 01/10/2043 06/10/2023 06/10/2023 1 26/07/2023 Book